Macroeconomics

Guardat en:
Dades bibliogràfiques
Autor principal: BLANCHARD, Olivier
Format: Llibre
Idioma:anglès
Publicat: : Pearson Education 2017
Etiquetes: Afegir etiqueta
Sense etiquetes, Sigues el primer a etiquetar aquest registre!

MARC

LEADER 00000nam a22000007a 4500
008 210426b ||||| |||| 00| 0 eng d
020 |a 978-1-292-16050-4 
100 |a BLANCHARD, Olivier 
245 |a Macroeconomics  |c Olivier Blanchard 
250 |b 7th 
260 |b : Pearson Education  |c 2017  |h , England  |i 690931 – Soc. Sci., 690932  |l HB172.5 .B58  |m Macroeconomics 
500 |a “It includes index” 
942 |a lcc  |c BK  |e Mr ogunleye  |f 26/4/2021 
952 |0 0  |1 0  |2 lcc  |4 0  |6 HB01725 B58  |7 0  |9 2305  |a HOL  |b SSL  |d 2021-04-26  |l 0  |o HB172.5 .B58  |p 2021-6159  |r 2021-04-26 00:00:00  |w 2021-04-26  |y BK 
952 |0 0  |1 0  |2 lcc  |4 0  |6 HB01725 B58  |7 0  |9 2306  |a HOL  |b HOL  |d 2021-04-26  |l 0  |o HB172.5 .B58  |p 2021-6160  |r 2021-04-26 00:00:00  |w 2021-04-26  |y BK 
999 |c 1187  |d 1187